<?xml version="1.0" encoding="UTF-8"?>
<record
    xmlns:xsi="http://www.w3.org/2001/XMLSchema-instance"
    xsi:schemaLocation="http://www.loc.gov/MARC21/slim http://www.loc.gov/standards/marcxml/schema/MARC21slim.xsd"
    xmlns="http://www.loc.gov/MARC21/slim">

  <leader>02417nam a2200337uu 4500</leader>
  <controlfield tag="001">1512747</controlfield>
  <controlfield tag="005">20260508093204.0</controlfield>
  <controlfield tag="008">181126s2018                        spa  </controlfield>
  <datafield tag="020" ind1=" " ind2=" ">
    <subfield code="a">9789877223613</subfield>
  </datafield>
  <datafield tag="035" ind1=" " ind2=" ">
    <subfield code="a">1512747</subfield>
  </datafield>
  <datafield tag="040" ind1=" " ind2=" ">
    <subfield code="c">comduadb</subfield>
  </datafield>
  <datafield tag="041" ind1=" " ind2=" ">
    <subfield code="a">spa</subfield>
  </datafield>
  <datafield tag="080" ind1=" " ind2=" ">
    <subfield code="a">V</subfield>
  </datafield>
  <datafield tag="100" ind1="1" ind2="0">
    <subfield code="a">Santos, Boaventura de Sousa,</subfield>
    <subfield code="d">1940-</subfield>
    <subfield code="4">aut</subfield>
    <subfield code="0">(orcid)0000-0003-3359-3626</subfield>
    <subfield code="0">(isni)0000 0001 0915 7037</subfield>
    <subfield code="0">(viaf)73939060</subfield>
    <subfield code="e">aut</subfield>
    <subfield code="9">579264</subfield>
  </datafield>
  <datafield tag="245" ind1="1" ind2="0">
    <subfield code="a">Construyendo las epistemolog&#xED;as del sur : para un pensamiento alternativo de alternativas</subfield>
  </datafield>
  <datafield tag="260" ind1=" " ind2=" ">
    <subfield code="a">Buenos Aires :</subfield>
    <subfield code="b">CLACSO,</subfield>
    <subfield code="c">2018.</subfield>
  </datafield>
  <datafield tag="300" ind1=" " ind2=" ">
    <subfield code="a">2 volumenes</subfield>
  </datafield>
  <datafield tag="490" ind1="0" ind2=" ">
    <subfield code="a">Antolog&#xED;as del Pensamiento Social Latinoamericano y Caribe&#xF1;o</subfield>
  </datafield>
  <datafield tag="520" ind1="3" ind2=" ">
    <subfield code="a">Los trabajos de Boaventura reunidos por primera vez en esta compilaci&#xF3;n hilvanan un conjunto de temas y preocupaciones que se inscriben en la mejor de las tradiciones del pensamiento social y cr&#xED;tico: la emergencia y las luchas de los movimientos sociales; las miradas alternativas que producen los procesos de globalizaci&#xF3;n contrahegem&#xF3;nica; la construcci&#xF3;n de un nuevo tipo de pluralismo jur&#xED;dico que contribuya con la democratizaci&#xF3;n de nuestras sociedades; la reforma creativa, democr&#xE1;tica y emancipadora del Estado y la defensa irreductible de los derechos humanos; la creaci&#xF3;n de universidades populares que promuevan di&#xE1;logos interculturales, entendidos como una forma de combate contra la uniformidad y a favor de una ecolog&#xED;a de saberes emancipatorios y libertarios. Sus argumentos se aglutinan en torno a una prerrogativa fundamental: la mejor v&#xED;a para construir estrategias de resistencia locales y globales requiere poner en pr&#xE1;ctica un ejercicio de justicia cognitiva en el que todas las voces pueda expresarse en un mismo pie de igualdad, a trav&#xE9;s del interconocimiento, la mediaci&#xF3;n y la celebraci&#xF3;n de alianzas colectivas.</subfield>
  </datafield>
  <datafield tag="650" ind1=" " ind2=" ">
    <subfield code="a">An&#xE1;lisis sociol&#xF3;gico</subfield>
    <subfield code="9">30292</subfield>
  </datafield>
  <datafield tag="650" ind1=" " ind2="7">
    <subfield code="a">An&#xE1;lisis (Filosof&#xED;a)</subfield>
    <subfield code="2">lemb</subfield>
    <subfield code="9">2003</subfield>
  </datafield>
  <datafield tag="650" ind1=" " ind2="7">
    <subfield code="a">Pensamiento cr&#xED;tico</subfield>
    <subfield code="2">lemb</subfield>
    <subfield code="9">177789</subfield>
  </datafield>
  <datafield tag="650" ind1=" " ind2=" ">
    <subfield code="a">Decolonialidad</subfield>
    <subfield code="9">206239</subfield>
  </datafield>
  <datafield tag="650" ind1=" " ind2="7">
    <subfield code="a">Libertad</subfield>
    <subfield code="2">lemb</subfield>
    <subfield code="9">1527</subfield>
  </datafield>
  <datafield tag="700" ind1="1" ind2="0">
    <subfield code="a">Meneses, Maria Paula</subfield>
    <subfield code="4">edt</subfield>
    <subfield code="0">(isni)0000 0000 8611 6637</subfield>
    <subfield code="0">(viaf)72994162</subfield>
    <subfield code="e">edt</subfield>
    <subfield code="9">780313</subfield>
  </datafield>
  <datafield tag="700" ind1="1" ind2="0">
    <subfield code="a">Arriscado Nunes, Joao</subfield>
    <subfield code="4">edt</subfield>
    <subfield code="e">edt</subfield>
    <subfield code="9">453567</subfield>
  </datafield>
  <datafield tag="700" ind1="1" ind2="0">
    <subfield code="a">Lema A&#xF1;&#xF3;n, Carlos</subfield>
    <subfield code="4">edt</subfield>
    <subfield code="e">edt</subfield>
    <subfield code="9">296347</subfield>
  </datafield>
  <datafield tag="700" ind1="1" ind2="0">
    <subfield code="a">Aguil&#xF3; Bonet, Antoni Jes&#xFA;s</subfield>
    <subfield code="4">edt</subfield>
    <subfield code="e">edt</subfield>
    <subfield code="9">608382</subfield>
  </datafield>
  <datafield tag="700" ind1="1" ind2="0">
    <subfield code="a">Lino Gomes, Nilma</subfield>
    <subfield code="4">edt</subfield>
    <subfield code="e">edt</subfield>
    <subfield code="9">780943</subfield>
  </datafield>
  <datafield tag="942" ind1=" " ind2=" ">
    <subfield code="c">BOOK</subfield>
  </datafield>
  <datafield tag="999" ind1=" " ind2=" ">
    <subfield code="c">790635</subfield>
    <subfield code="d">790635</subfield>
  </datafield>
  <datafield tag="952" ind1=" " ind2=" ">
    <subfield code="0">0</subfield>
    <subfield code="1">0</subfield>
    <subfield code="4">0</subfield>
    <subfield code="7">0</subfield>
    <subfield code="8">GENERAL</subfield>
    <subfield code="a">CISH</subfield>
    <subfield code="b">CISH</subfield>
    <subfield code="d">2018-11-26</subfield>
    <subfield code="e">Material adquirido por donaci&#xF3;n</subfield>
    <subfield code="i">C1300803</subfield>
    <subfield code="l">2</subfield>
    <subfield code="o">V-13236 v1</subfield>
    <subfield code="p">15988712</subfield>
    <subfield code="r">2025-11-26 15:00:14</subfield>
    <subfield code="s">2025-09-04</subfield>
    <subfield code="t">1</subfield>
    <subfield code="w">2023-05-04</subfield>
    <subfield code="y">BOOK</subfield>
  </datafield>
  <datafield tag="952" ind1=" " ind2=" ">
    <subfield code="0">0</subfield>
    <subfield code="1">0</subfield>
    <subfield code="4">0</subfield>
    <subfield code="7">0</subfield>
    <subfield code="8">GENERAL</subfield>
    <subfield code="a">CISH</subfield>
    <subfield code="b">CISH</subfield>
    <subfield code="d">2018-11-26</subfield>
    <subfield code="e">Material adquirido por donaci&#xF3;n</subfield>
    <subfield code="i">C1300805</subfield>
    <subfield code="l">0</subfield>
    <subfield code="o">V-13236 v2</subfield>
    <subfield code="p">15988713</subfield>
    <subfield code="r">2023-05-04 00:00:00</subfield>
    <subfield code="t">2</subfield>
    <subfield code="w">2023-05-04</subfield>
    <subfield code="y">BOOK</subfield>
  </datafield>
</record>
